Unruly women of Paris : images of the commune

Αποθηκεύτηκε σε:
Λεπτομέρειες βιβλιογραφικής εγγραφής
Κύριος συγγραφέας: Gullickson, Gay L.
Μορφή: Βιβλίο
Γλώσσα:English
Δημοσίευση: Ithaca : Cornell University Press, 1996
Θέματα:
Ετικέτες: Προσθήκη ετικέτας
Δεν υπάρχουν, Καταχωρήστε ετικέτα πρώτοι!

MARC

LEADER 00000nam a2200000 i 4500
001 1/87945
008 080606s1996 eng d
020 |a 978-0-8014-8318-9 (pbk.) 
020 |a 0-8014-8318-2 (pbk.) 
035 |l 10097994 
040 |a GR-MY-UA  |b gre  |e aacr 
041 0 |a eng 
082 0 |a 944.0812  |2 (22) 
100 1 |a Gullickson, Gay L. 
245 1 0 |a Unruly women of Paris :  |b images of the commune /  |c Gay L. Gullickson 
260 |a Ithaca :   |b Cornell University Press,   |c 1996 
300 |a xiii, 283 σ.;  |b εικ., 1 χάρτης;  |c 24 εκ. 
504 |a Βιβλιογραφία: σ. 263-275 
504 |a Ευρετήριο: σ. 277-283 
650 0 0 |a Women revolutionaries  |z France  |x History  |y 19th century. 
650 0 0 |a Women's rights  |z France. 
651 0 |a Paris (France)  |x History  |y Commune, 1871. 
852 |a INST  |b LESVOS  |e 20080606  |h 944.0812 GUL  |p 005100041604  |q 005100041604  |t BK  |y 0 
901 |a BIBL1-2008-2 
909 |a Λ  |b 143892 
922 |a 1ΕΛΗ  |b 200801  |c ΕΠΕΑΕΚ2/ΤΚΑ  |d ΠΑΠΑΣΩΤΗΡΙΟΥ 
970 |a ΚΑΡΑ  |b ΓΙΑΣΕΜΗ  |z 2008/06/06